Statistics for Bones ~ Imagine dragons

Click here to take the quiz!

General Stats

  • This quiz has been taken 156 times
  • The average score is 235 of 328

Answer Stats

Answer% Correct
I,
98%
I
98%
a
96%
My
95%
my
95%
in
94%
the
94%
bones
91%
is
91%
so
91%
Go
90%
I’m
90%
this
90%
Look
89%
all
88%
me
87%
feeling
86%
Feeling
86%
feeling,
86%
magic
86%
mirror
86%
at
85%
time
85%
to
85%
got
84%
control
83%
you
82%
looking
81%
think
80%
entertaining?
79%
know
79%
patience
79%
bathroom,
78%
Face
78%
Gimme,
78%
gimme,
78%
gimme
78%
losing
77%
There
77%
there
77%
’Cause
75%
some
75%
need
72%
yeah,
71%
and
70%
there’s
70%
soul
68%
waning
62%
waning,
62%
never
61%
Never
61%
ahead
59%
life
59%
million
59%
your
59%
Where
57%
live
56%
Our
54%
out
52%
thousand
51%
throw
51%
get
50%
lives
50%
of
50%
stones
50%
gonna
49%
reaper
49%
alive
48%
takes
48%
will
46%
Waiting
41%
dynamite
40%
that
40%
’til
40%
black
39%
was
39%
white
38%
mind,
35%
mind
35%
right
35%
with
34%
Playing
32%
stick
32%
gray
30%
like
30%
times
30%
wrong
30%
circling
28%
Seeing
24%
pages
23%
vultures
23%
Walking
22%
darkening
21%
Turning
21%
working
21%
boulder
20%
many
20%
bed,
19%
flames,
17%
path
17%
up
17%
voices
17%
air
16%
don’t
16%
goes
16%
paced
16%
sky
16%
hurdling
15%
Burning
14%
cared
14%
leaving
14%
pieces
14%
ones
13%
that’s
13%
Drown
12%
Picking
12%
building
11%

Score Distribution

Percentile by Number Answered

Percent of People with Each Score

Your Score History

You have not taken this quiz